MPSI 2 Fabert - 2020/2021 - Statistiques

Statistiques générales
  • Ce quiz a été pris 15 fois
  • Le résultat moyen est 18 sur 48
Statistiques - réponses
Nom Prénoms % Correct
Alice Tarnab Andrieu
60%
Axel Stingel
60%
Carnaud Renard Carnator
60%
Louis 3eme Reichling
60%
Lucas ! Girardet
60%
Théo Taillefumier
60%
Alonsi
50%
Bitouan Tonhomme
50%
Florian sacoche (Laroche)
50%
Gabinks Verlaque
50%
Ilona St Morel
50%
Ines Chambrot
50%
Jules Marulier
50%
Julien Vernet
50%
Maxence Deb
50%
Maxime Titan Colossal
50%
Samuel Bourgaud
50%
Samuel Priore
50%
Simon Baron
50%
Thomas Zezette
50%
Clémence Haxaire
40%
Culien Jatelet Chatelet
40%
Elise GN Million
40%
Hugo Bessege
40%
Hugo St-Etienne
40%
Michael Ping Peung
40%
Pedro Gomes Covid Pinto
40%
Yamine Lamal
40%
Alexandre Futsal Weber
30%
Alexandre Petot
30%
Célian Chiche
30%
Lorenzo Praciolu
30%
Mathieu Pabo (Joly)
30%
Noah Hebs Tiatouchine
30%
Roman Famasse
30%
Yann Jaeger
30%
Clément Lerdhammer
20%
Dumont Evrest
20%
Morgan Troupeau
20%
Olga Stepmom
20%
Pimon Sigeard
20%
Théotime Lawson
20%
Thomas Faucon Pingouin
20%
Laura Bretillon
10%
Nicolas Rhinoschneider
10%
Vintère
10%
Benoit Connard
0%
Robin RS3
0%
Aucun quiz correspondant
Distribution des résultats
% des personnes avec chaque résultat
Percentile par nombre de réponses
Votre historique - résultats
Vous n’avez pas pris ce quiz